A book of Psalms (Record no. 64005)
[ view plain ]
| 000 -LEADER | |
|---|---|
| fixed length control field | 00314nam a2200121 4500 |
| 082 0# - DEWEY DECIMAL CLASSIFICATION NUMBER | |
| Classification number | 223.2 |
| 100 1# - MAIN ENTRY--PERSONAL NAME | |
| Personal name | Seeley, Helen M |
| 245 10 - TITLE STATEMENT | |
| Title | A book of Psalms |
| Remainder of title | God's love makes us happy : |
| Statement of responsibility, etc | Helen M. Seeley |
| 260 ## - PUBLICATION, DISTRIBUTION, ETC. (IMPRINT) | |
| Place of publication, distribution, etc | UK |
| Name of publisher, distributor, etc | Wycliffe Associates |
| Date of publication, distribution, etc | c.2001 |
| 300 ## - PHYSICAL DESCRIPTION | |
| Extent | 16 p. |
| 700 1# - ADDED ENTRY--PERSONAL NAME | |
| Personal name | Seeley, Helen M |
| 942 ## - ADDED ENTRY ELEMENTS (KOHA) | |
| Source of classification or shelving scheme | |
| Koha item type | Books |
No items available.
